Abrupt downturn in retail occupier activity (Record no. 72496)

MARC details
000 -LEADER
fixed length control field 01656cam a2200253 4500
001 - CONTROL NUMBER
control field WB3915-05
008 - FIXED-LENGTH DATA ELEMENTS--GENERAL INFORMATION
fixed length control field 030415n2003 000 0 eng u
035 ## - SYSTEM CONTROL NUMBER
System control number (Sirsi) u121992
245 ## - TITLE STATEMENT
Title Abrupt downturn in retail occupier activity
260 ## - PUBLICATION, DISTRIBUTION, ETC.
Date of publication, distribution, etc. 2003
490 ## - SERIES STATEMENT
Series statement RICS Press Release
Volume/sequential designation (pr028) 15 April 2003 (2)
520 ## - SUMMARY, ETC.
Summary, etc. "RICS commercial property survey England and Wales - first quarter 2003" reports that retail occupier activity declined sharply in the first part of 2003 with new occupier enquiries flattening out, floorspace availability rising at the fastest rate in three and a half years and landlords having to offer greater incentive packages to secure tenants. Business property demand was depressed in this quarter by the Iraq factor - 16% of surveyors reported a drop. The office market remained the weakest sector with 42% of surveyors recording a fall in sales and lettings in Central London with a visible slowdown in other areas across the UK. The survey is available at http://www.rics.org/resources/economic_analysis/commercial_market_survey.html. http://www.rics.org/ricscms/bin/show?class=PressRelease&template=/includes/showpr.html&id=899&faculty=RICS
590 ## - LOCAL NOTE (RLIN)
Local note WB
650 ## - SUBJECT ADDED ENTRY--TOPICAL TERM
Topical term or geographic name entry element OCCUPIER DEMAND
650 ## - SUBJECT ADDED ENTRY--TOPICAL TERM
Topical term or geographic name entry element INCENTIVE DEALS
650 ## - SUBJECT ADDED ENTRY--TOPICAL TERM
Topical term or geographic name entry element PROPERTY-COMMERCIAL PROPERTY-OFFICE PROPERTY-OFFICE PROPERTY MARKET
650 ## - SUBJECT ADDED ENTRY--TOPICAL TERM
Topical term or geographic name entry element ENGLAND
650 ## - SUBJECT ADDED ENTRY--TOPICAL TERM
Topical term or geographic name entry element WALES
650 ## - SUBJECT ADDED ENTRY--TOPICAL TERM
Topical term or geographic name entry element PROPERTY-COMMERCIAL PROPERTY-RETAIL PROPERTY-RETAIL PROPERTY MARKET
650 ## - SUBJECT ADDED ENTRY--TOPICAL TERM
Topical term or geographic name entry element RICS COMMERCIAL MARKET SURVEY ENGLAND AND WALES
650 ## - SUBJECT ADDED ENTRY--TOPICAL TERM
Topical term or geographic name entry element MARKET SURVEYS
690 ## - LOCAL SUBJECT ADDED ENTRY--TOPICAL TERM (OCLC, RLIN)
Topical term or geographic name as entry element PROPERTY-COMMERCIAL PROPERTY-COMMERCIAL PROPERTY MARKET
942 ## - ADDED ENTRY ELEMENTS (KOHA)
Suppress in OPAC 0
Holdings
Withdrawn status Lost status Source of classification or shelving scheme Damaged status Not for loan Home library Current library Shelving location Date acquired Total Checkouts Full call number Barcode Date last seen Copy number Price effective from Koha item type
    Dewey Decimal Classification     London London News article 15/04/2003   WB3915-05 121992-1001 06/08/2019 1 06/08/2019 News article